El gigante. Los dos socios : cuentos de Jujuy /

Nadie podía con ese monstruo horrible y brutal, y para vencerlo había que tener bastante más que fuerza, coraje y agilidad; para empezar, por ejemplo, había que hacerse chiquito y después lograr cosas difíciles. Así nos los hace saber la primera historia de este libro, que se llama, justamente, &quo...

Descripción completa

Guardado en:
Autor Principal: Palermo, Miguel Ángel.
Otros Autores: Chiappe, Aldo; il., Arce, Guillermo; il.
Formato: Libro
Idioma:Undetermined
Publicado: Buenos Aires : Arte Gráfico, 2005.
Edición:1a ed.
Series:Cuentos y leyendas de mi país - Genios ; 17
Materias:
Etiquetas: Agregar Etiqueta
Sin Etiquetas, Sea el primero en etiquetar este registro!
LEADER 01334nam a22002535a 4500
001 CEM.cems021320
008 240731s2005####ag############000#0#und#d
005 20240731153421.0
245 1 0 |a El gigante. Los dos socios :  |b cuentos de Jujuy /  |c Selección y adaptación de Miguel Ángel Palermo ; ilustrado por Aldo Chiappe y Guillermo Arce. 
250 |a 1a ed. 
260 |a Buenos Aires :  |b Arte Gráfico,  |c 2005. 
300 |a 50 p. 
490 1 |a Cuentos y leyendas de mi país - Genios ;  |v 17 
520 |a Nadie podía con ese monstruo horrible y brutal, y para vencerlo había que tener bastante más que fuerza, coraje y agilidad; para empezar, por ejemplo, había que hacerse chiquito y después lograr cosas difíciles. Así nos los hace saber la primera historia de este libro, que se llama, justamente, "El gigante". En el segundo cuento, "Los dos socios", en cambio, vemos un duelo, pero de viveza entre el zorro -siempre embrollón- y el quirquincho, que parecía tan inocente. 
020 |a 9507826491 
100 1 |a Palermo, Miguel Ángel. 
700 1 |a Chiappe, Aldo; il. 
700 1 |a Arce, Guillermo; il. 
653 |a Leyendas 
653 |a Mitos 
653 |a Mitos argentinos 
653 |a Leyendas argentinas 
653 |a Literatura folclórica 
859 |a CEMS  |b BIB. CEMS - Inicial y Primaria  |h 398.2  |i P174-23  |k IP  |p 6885  |t Ej.1